Questions on the art of teaching as applied to music, to be used in connection with the college official text-book on the subject (Record no. 51968)

MARC details
000 -LEADER
fixed length control field 00506nam a2200133 4500
008 - FIXED-LENGTH DATA ELEMENTS--GENERAL INFORMATION
fixed length control field 180126b xxu||||| |||| 00| 0 eng d
050 ## - LIBRARY OF CONGRESS CALL NUMBER
Classification number MT6
Item number .W37 1919
100 ## - MAIN ENTRY--PERSONAL NAME
Personal name Warriner, John, 1858. [from old catalog]-
245 ## - TITLE STATEMENT
Title Questions on the art of teaching as applied to music, to be used in connection with the college official text-book on the subject
Statement of responsibility, etc John Warriner
260 ## - PUBLICATION, DISTRIBUTION, ETC. (IMPRINT)
Place of publication, distribution, etc London,
Name of publisher, distributor, etc Trinity College of Music
Date of publication, distribution, etc 1919
300 ## - PHYSICAL DESCRIPTION
Extent 56p. ;
Dimensions 19cm.
650 ## - SUBJECT ADDED ENTRY--TOPICAL TERM
Topical term or geographic name as entry element Music
Form subdivision Questions
942 ## - ADDED ENTRY ELEMENTS (KOHA)
Source of classification or shelving scheme Library of Congress Classification
Item type Book
Holdings
Withdrawn status Lost status Source of classification or shelving scheme Damaged status Not for loan Collection code Home library Current library Shelving location Date acquired Source of acquisition Cost, normal purchase price Total Checkouts Full call number Barcode Copy number Price effective from Koha item type
    Library of Congress Classification     Non-fiction Nairobi Campus Nairobi Campus General Circulation 26/01/2018 Donations-Okeno 300.00   MT6 .W37 1919 057331 1 26/01/2018 Book